Kanun Keseksaan (Akta 574) (Record no. 4954)

000 -LEADER
fixed length control field 00527nam a2200193 a 4500
005 - DATE AND TIME OF LATEST TRANSACTION
control field 20230125095952.0
008 - FIXED-LENGTH DATA ELEMENTS--GENERAL INFORMATION
fixed length control field 230120t2021 my ||||| |||| 00| 0 eng d
020 00 - INTERNATIONAL STANDARD BOOK NUMBER
International Standard Book Number 9789678926706
040 ## - CATALOGING SOURCE
Original cataloging agency AKMAL
082 ## - DEWEY DECIMAL CLASSIFICATION NUMBER
Classification number 345.59502 MAL
090 ## - LOCALLY ASSIGNED LC-TYPE CALL NUMBER (OCLC); LOCAL CALL NUMBER (RLIN)
Classification number (OCLC) (R) ; Classification number, CALL (RLIN) (NR) 345.59502
Local cutter number (OCLC) ; Book number/undivided call number, CALL (RLIN) MAL
245 10 - TITLE STATEMENT
Title Kanun Keseksaan (Akta 574)
Statement of responsibility, etc. Malaysia
260 00 - PUBLICATION, DISTRIBUTION, ETC.
Place of publication, distribution, etc. Petaling Jaya :
Name of publisher, distributor, etc. ILBS
Date of publication, distribution, etc. 2021
300 ## - PHYSICAL DESCRIPTION
Extent 298p. :
Other physical details ill. ;
Dimensions 24cm
599 ## - LOCAL NOTE
Local Note DALAM PROSES
650 00 - SUBJECT ADDED ENTRY--TOPICAL TERM
Topical term or geographic name entry element Criminal law
General subdivision Malaysia
9 (RLIN) 9448
650 00 - SUBJECT ADDED ENTRY--TOPICAL TERM
Topical term or geographic name entry element Punishment
General subdivision Malaysia
9 (RLIN) 9449
942 ## - ADDED ENTRY ELEMENTS (KOHA)
Source of classification or shelving scheme
Koha item type Book
Holdings
Withdrawn status Lost status Source of classification or shelving scheme Damaged status Not for loan Collection code Home library Current library Shelving location Date acquired Inventory number Total Checkouts Full call number Barcode Date last seen Price effective from Koha item type
          NON-FICTION AKMAL Melaka AKMAL Melaka PINJAMAN 20.01.2023 011507   345.59502 MAL 201708170 20.01.2023 20.01.2023 Book
Pusat Sumber Maklumat Dato' Haji Sarmin Md Hussin, Akademi Kastam Diraja Malaysia, Melaka
Tel: 06-2331106 | Faks: 06-2313787